Normal view MARC view
  • CHAURASIA'S, B.D

Entry Personal Name

Number of records used in: 1

001 - CONTROL NUMBER

  • control field: 8052

003 - CONTROL NUMBER IDENTIFIER

  • control field: JRU

005 - DATE AND TIME OF LATEST TRANSACTION

  • control field: 20230819154027.0

008 - FIXED-LENGTH DATA ELEMENTS

  • fixed length control field: 230819|| aca||aabn | a|a d

040 ## - CATALOGING SOURCE

  • Original cataloging agency: JRU
  • Transcribing agency: JRU

100 ## - HEADING--PERSONAL NAME

  • Personal name: CHAURASIA'S, B.D

670 ## - SOURCE DATA FOUND

  • Source citation: Work cat.: (JRU)7846: CHAURASIA'S, B.D, HUMAN ANATOMY: Regional and applied , dissection and clinical [UPPER LIMB THORAX] [VOL-1]